000 00435nam a22001697a 4500
003 Ost
005 20220822155223.0
008 220822b |||||||| |||| 00| 0 eng d
040 _cBT-PhCST
050 _a3881
082 _222
_a624.2419
100 _aLuzadder, Warrers and Duff Jon M.
245 _aFundamentals of engineering drawing /
260 _aNew Delhi,
_bPrentice Hall,
_cc2002.
300 _a0
_bill. ;
942 _2ddc
_cCIVIL
_02
999 _c192
_d192